Statistiques concernant Premiers Ministres français en rébus #1

Cliquez ici pour prendre le quiz!

Statistiques générales

  • Ce quiz a été pris 4 989 fois
  • Le résultat moyen est 6 sur 10

Réponses sur la Carte

Les réponses sont colorées sur une échelle allant du rouge au vert en fonction du pourcentage des utilisateurs qui les ont devinées à leur premier essai. Vous pouvez retrouver ces pourcentages ci-dessous.
 

Statistiques - réponses

Premiers Ministres% Correct
Alain Juppé
89%
Jean-Pierre Raffarin
86%
Jacques Chaban-Delmas
84%
Edouard Philippe
78%
Edouard Balladur
75%
Michel Debré
69%
Pierre Mauroy
58%
Michel Rocard
45%
Jean-Marc Ayrault
30%
Raymond Barre
16%

Distribution des résultats

Percentile par nombre de réponses

% des personnes avec chaque résultat

Votre développement - résultats

Vous n’avez pas pris ce quiz